MARC

LEADER 00000naa2a2200000 4500
001 612578
005 20260424132356.0
035 |a (RuTPU)RU\TPU\conf\10700 
035 |a RU\TPU\conf\10698 
090 |a 612578 
100 |a 20150619d2014 k y0rusy50 ba 
101 0 |a eng 
102 |a RU 
135 |a drcn ---uucaa 
181 0 |a i  
182 0 |a b 
200 1 |a Bitumen modification  |f Yu. P. Ustimenko  |g sci. adv. A. V. Makarovskikh 
203 |a Текст  |c электронный 
225 1 |a Доклады на иностранном языке 
300 |a Заглавие с титульного экрана 
320 |a [Библиогр.: с. 476 (6 назв.)] 
337 |a Adobe Reader 
463 1 |0 (RuTPU)RU\TPU\conf\10372  |t Творчество юных - шаг в успешное будущее  |o материалы VII Всероссийской научной студенческой конференции с элементами научной школы имени профессора М.К. Коровина, г. Томск, 10-14 ноября 2014 г.  |f Национальный исследовательский Томский политехнический университет (ТПУ) ; под ред. А. Ю. Дмитриева  |v [С. 473-476]  |d 2014 
610 1 |a труды учёных ТПУ 
610 1 |a электронный ресурс 
610 1 |a модификации 
610 1 |a битумы 
610 1 |a нефтяные битумы 
700 1 |a Ustimenko  |b Yu. P.  |c chemist-technologist  |c laboratory assistant of Tomsk Polytechnic University  |f 1992-  |g Yuliya Pavlovna  |3 (RuTPU)RU\TPU\pers\33917 
702 1 |a Makarovskikh  |b A. V.  |c linguist  |c Senior Lecturer of Tomsk Polytechnic University  |f 1983-  |g Aleksandra Viktorovna  |4 727 
712 0 2 |a Национальный исследовательский Томский политехнический университет (ТПУ)  |b Институт природных ресурсов (ИПР)  |b Кафедра технологии органических веществ и полимерных материалов (ТОВПМ)  |3 (RuTPU)RU\TPU\col\18659 
712 0 2 |a Национальный исследовательский Томский политехнический университет (ТПУ)  |b Институт природных ресурсов (ИПР)  |b Кафедра иностранных языков (ИЯПР)  |3 (RuTPU)RU\TPU\col\18662 
801 2 |a RU  |b 63413507  |c 20161014  |g RCR 
856 4 |u http://www.lib.tpu.ru/fulltext/c/2015/C66/170.pdf 
942 |c BK